000 00761nam a2200229 i 4500
001 C2-0244696
003 PPAK
005 20180727205905.0
008 030111s xx a|||| ||||| | may d
040 _aPPAK
_beng
_cPPAK
_erda
082 0 4 _a959.5112
_223
090 0 0 _a959.5112
_bWAN
_dKK
100 0 _aWan Shamsudin Mohd Yusuf,
_eauthor
245 1 0 _aSurat-Menyurat Zaman Sultan Abdul Hamid Halim Shah Kedah Darul Aman 1882-1943
264 1 _a[place of publication not identified] :
_b[publisher not identified] ,
_c[date of publication not identified]
300 _a29 pages :
_billustrations ;
_c30 cm
336 _2rdacontent
_atext
337 _2rdamedia
_aunmediated
338 _2rdacarrier
_avolume
650 1 0 _aKedah - History.
942 _ddc
_cB
999 _c58887
_d58887